banner-ar

المختار من تاريخ الجبرتى / (Record no. 51046)

MARC details
000 -الفاتح
حقل البيانات ثابتة الطول 00582nam a2200193Ia 4500
008 - عناصر البيانات ثابتة الطول - معلومات عامة
حقل البيانات ثابتة الطول 140319s9999 xx 000 0 ara d
040 ## - مصدر الفهرسة
وكالة الفهرسة الأصلية GCL /
وكالة النسخ GCL
082 04 - رقم تصنيف ديوى العشرى
رقم التصنيف ق
رقم المادة 962.02
-- م م
100 1# - المدخل الرئيسى - إسم شخصى
الإسم الشخصى محمد قنديل البقلى
245 10 - بيان العنوان
العنوان المختار من تاريخ الجبرتى /
بيان المسئوليه,etc محمد قنديل البقلى
260 ## - PUBLICATION, DISTRIBUTION, ETC. (IMPRINT)
تاريخ النشر أو التوزيع 1958
300 ## - الوصف المادى
التعداد 120 ص ؛
أبعاد الوعاء 30 سم
490 ## - بيان السلسلة
عنوان السلسلة كتاب الشعب
رقم المجلد/ التعيين التسلسلي 27
650 04 - المدخل الاضافى بالموضوع-مصطلح موضوعى
مصطلح موضوعي مصر
650 04 - المدخل الاضافى بالموضوع-مصطلح موضوعى
مصطلح موضوعي تاريخ
650 04 - المدخل الاضافى بالموضوع-مصطلح موضوعى
مصطلح موضوعي الجبرتى
942 ## - عناصر المدخل الإضافي( كوها)
مصدر التصنيف او مخطط الترفيف Dewey Decimal Classification
Koha [default] item type كتاب
260 ## - PUBLICATION, DISTRIBUTION, ETC. (IMPRINT)
-- القاهرة :
-- مطابع الشعب ،
Holdings
حالة التراجع حالة الفقد حالة تلف ليس للاعارة المكان المؤقت الموقع الحالى تاريخ الاكتساب اجمالي اﻻعارات رقم الطلب الباركود تاريخ اخر مشاهدة تاريخ تفعيل السعر نوع وعاء كوها
        مكتبة القاهرة الكبرى مكتبة القاهرة الكبرى 03/26/2014   ق\962.02\ م م 122321 03/26/2014 03/26/2014 كتاب
        مكتبة القاهرة الكبرى مكتبة القاهرة الكبرى 03/26/2014   ق\962.02\ م م 122322 03/26/2014 03/26/2014 كتاب

Powered By

EGPV